000 01832nam a22002657a 4500
999 _c61884
_d61884
003 Ge_BSU
005 20240603153259.0
008 240603s2023 ge ||||| |||| 00| 0 geo d
020 _a9789941455452
041 _ageo
080 _a94(479.22)''10/11'' +355.43 (479.22) წ-66
100 _aწიქორიძე, ალექსანდრე
_922291
245 _aმეფე დემეტრე I-ის სტრატეგია /
_cალექსანდრე წიქორიძე; რედაქტორი სულხან კუპრაშვილი; რუკის ციფრული ვერსია და დიზაინი შეასრულა მანანა შეყილაძემ.
264 _aქუთაისი :
_bაკაკი წერეთლის სახელმწ. უნივერსიტეტის გამომცემლობა,
_c 2023.
300 _a453 გვ. :
_b4 დაკეც. ფ. რუკა ;
_c21 სმ.
504 _aბიბლიოგრაფია ტექსტის შენიშვნებში და გვ. 430-451.
520 _aრეზიუმე ინგლისურ ენაზე.
653 _aდემეტრე I, საქართველოს მეფე, 1125-1156.
653 _aისტორია -- საქართველო -- XI-XIIს.
653 _aსამხედრო სტრატეგია -- საქართველო.
700 _aკუპრაშვილი, სულხან
_eრედაქტორი.
_911459
700 _aშეყილაძე, მანანა
_eრუკების ავტორი, დიზაინერი.
_922292
773 _tნაჩუქარი
942 _2udc
_cᲬᲘᲒᲜᲘ